000 00922cam a2200277 4500
001 J92810
008 090401t1998 xxu||||| |||| 00| 0 eng d
035 _a(Sirsi) u87344
041 _aeng
050 _a692.8
110 _aJoint Contracts Tribunal
_93664
245 _aStandard Form of Building contract 1998 edition with approximate quantities versions ... Amendment 18 and guidance notes issued April 1998 ...
260 _aLondon
_bRIBA Publications
_c1998
300 _a52p. ; 30cm.
350 _a0
650 _aAMENDMENT 18
650 _aAPPROXIMATE QUANTITIES
650 _aBUILT ENVIRONMENT-BUILDING CONTRACT FORMS
650 _aLATHAM REFORMS
650 _aHOUSING GRANTS, CONSTRUCTION AND REGENERATION ACT 1996 PART II
650 _aLATHAM REFORMS
650 _aSTANDARD FORM OF BUILDING CONTRACT
690 _aBUILT ENVIRONMENT-BUILDING CONTRACT FORMS
942 _n0
948 _c13/07/1998
999 _c97220
_d97220